Khái quát về xã hội Trung Quốc, tập 2 Dành cho Sv năm 3

Salvato in:
Dettagli Bibliografici
Natura: Libro
Tags: Aggiungi Tag
Nessun Tag, puoi essere il primo ad aggiungerne! !
Thư viện lưu trữ: Mạng thư viện Đại học Đà Nẵng
LEADER 00465nam a22001691a 4500
001 000036869
003 13164
005 20160412014938.0
008 160412s0 000
082 |a 4H(07)313-15 
245 |a Khái quát về xã hội Trung Quốc, tập 2 Dành cho Sv năm 3  |c Thẩm Trị Điểu 
OWN |a LNN 
999 |a From the UDN01 
TYP |a Monograph 
980 |a Mạng thư viện Đại học Đà Nẵng